[Event "1st Qinhuangdao Open"]
[Site "Qinhuangdao CHN"]
[Date "2011.10.06"]
[Round "8"]
[White "Lu, Shanglei"]
[Black "Yu, Ruiyuan"]
[Result "0-1"]
[WhiteTitle "IM"]
[WhiteElo "2517"]
[BlackElo "2428"]
[WhiteFideId "8603332"]
[BlackFideId "8603090"]
[EventDate "2011.10.01"]

1. e4 c6 2. Nc3 d5 3. Nf3 Bg4 4. h3 Bxf3 5. Qxf3 e6 6. d4 dxe4 7. Nxe4 Qxd4 8.
c3 Qd5 9. Be3 Nd7 10. Rd1 Qf5 11. Qxf5 exf5 12. Ng5 Ngf6 13. Bc4 Ne5 14. Bb3 h6
15. Bf4 hxg5 16. Bxe5 Be7 17. O-O Rd8 18. Bc2 f4 19. Rxd8+ Bxd8 20. Bd6 g6 21.
Bb3 Ne4 22. Re1 f5 23. Bc5 Kd7 24. Bd4 Rh7 25. f3 c5 26. Be5 Re7 27. Bb8 Bb6 28.
c4 Nd2 29. Ba4+ Kd8 30. Rd1 Re2 31. Bd6 Kc8 32. b3 a6 33. a3 Ba7 34. Kh1 Bb6 35.
Rc1 Bc7 36. Bxc5 g4 37. hxg4 fxg4 38. Rc3 Nf1 39. Kg1 Nd2 40. Rd3 g3 41. Kh1
Re1+ 42. Bg1 Bb6 0-1

[Event "1st Qinhuangdao Open"]
[Site "Qinhuangdao CHN"]
[Date "2011.10.06"]
[Round "8"]
[White "Lu, Yijie"]
[Black "Batchuluun, Tsegmed"]
[Result "1/2-1/2"]
[BlackTitle "IM"]
[WhiteElo "2370"]
[BlackElo "2435"]
[WhiteFideId "8604525"]
[BlackFideId "4900847"]
[EventDate "2011.10.01"]

1. e4 e6 2. d4 d5 3. Nd2 c5 4. exd5 Qxd5 5. Ngf3 cxd4 6. Bc4 Qd6 7. O-O Nf6 8.
Nb3 Nc6 9. Nbxd4 Nxd4 10. Nxd4 a6 11. Bd3 Bd7 12. c3 Qc7 13. Bg5 Bd6 14. g3 Be5
15. Nf3 h6 16. Re1 Bd6 17. Bxf6 gxf6 18. Nd4 h5 19. Qf3 Be5 20. Bf1 h4 21. Bg2
O-O-O 22. Rad1 Rdg8 23. Rd3 Rg6 24. Qe3 hxg3 25. hxg3 Rgh6 26. Red1 Bxd4 27.
cxd4 Bc6 28. Bxc6 bxc6 29. Qf3 Kd7 30. Rc1 Qd6 31. Rc5 f5 32. Kf1 Rb8 33. b3 Rb4
34. Rdc3 Ke7 35. R3c4 Rxc4 36. Rxc4 Qa3 37. Qf4 Rh5 38. Qc7+ Kf8 39. Qb8+ Kg7
40. Rc2 Rh1+ 41. Kg2 Rc1 42. Rxc1 Qxc1 43. Qe5+ Kg6 44. Qa5 Qc2 45. Qxa6 Qe4+
46. Kg1 Qb1+ 47. Kg2 Qe4+ 48. f3 Qc2+ 49. Kf1 Qd1+ 50. Kf2 Qxd4+ 51. Ke2 c5 52.
Qd3 Qg1 53. Qe3 Qb1 54. Qd2 Qg1 55. Qe1 Qd4 56. Qc1 e5 57. a4 e4 58. Qc2 Qg1 59.
fxe4 Qg2+ 60. Kd1 Qf3+ 61. Kd2 fxe4 62. a5 Qf2+ 63. Kc1 Qe1+ 64. Kb2 Qxa5 65.
Qxe4+ f5 66. Qe6+ Kg5 67. Qg8+ Kf6 68. Qf8+ Ke6 69. Qe8+ Kf6 70. Qf8+ Kg6 71.
Qg8+ Kh6 72. Qh8+ Kg6 73. Qg8+ Kh6 74. Qh8+ Kg6 1/2-1/2

[Event "1st Qinhuangdao Open"]
[Site "Qinhuangdao CHN"]
[Date "2011.10.06"]
[Round "8"]
[White "Sandipan, Chanda"]
[Black "Lou, Yiping"]
[Result "1/2-1/2"]
[WhiteTitle "GM"]
[BlackTitle "IM"]
[WhiteElo "2640"]
[BlackElo "2433"]
[WhiteFideId "5004225"]
[BlackFideId "8603928"]
[EventDate "2011.10.01"]

1. d4 Nf6 2. Nf3 g6 3. g3 Bg7 4. Bg2 d5 5. c4 c6 6. Qb3 O-O 7. O-O Qb6 8. Nc3
Bf5 9. Ne5 Be6 10. Qd1 Qd8 11. cxd5 Nxd5 12. e4 Nxc3 13. bxc3 Qa5 14. Qd2 c5 15.
f4 cxd4 16. cxd4 Qxd2 17. Bxd2 Nd7 18. Rab1 Nxe5 19. fxe5 Bc4 20. Rfc1 b5 21.
Bf1 Bxf1 22. Kxf1 a6 23. Ba5 Rfc8 24. Bc7 Ra7 25. Bb6 Raa8 26. Ke2 Kf8 27. g4
Bh6 28. Rc5 Rxc5 29. Bxc5 Rc8 30. h4 Bf4 31. e6 fxe6 32. a4 bxa4 33. Rb6 Kf7 34.
Rxa6 Bg3 35. h5 gxh5 36. gxh5 e5 37. Rxa4 exd4 38. Bxd4 Rg8 39. Ra6 Rg5 40. Kf3
Be5 41. Ra5 Bf6 42. e5 Rxh5 43. e6+ Kg6 44. Rxh5 Kxh5 45. Bxf6 Kg6 46. Bxe7 Kf5 1/2-1/2

[Event "1st Qinhuangdao Open"]
[Site "Qinhuangdao CHN"]
[Date "2011.10.06"]
[Round "8"]
[White "Ma, Qun"]
[Black "Xiu, Deshun"]
[Result "1/2-1/2"]
[BlackTitle "GM"]
[WhiteElo "2455"]
[BlackElo "2540"]
[WhiteFideId "8603154"]
[BlackFideId "8603693"]
[EventDate "2011.10.01"]

1. e4 c5 2. Nf3 d6 3. d4 cxd4 4. Nxd4 Nf6 5. Nc3 a6 6. Be2 e5 7. Nb3 Be7 8. Bg5
Be6 9. Bxf6 Bxf6 10. Qd3 O-O 11. Rd1 Be7 12. Nd5 Bg5 13. Nc3 Be7 14. Nd5 Bg5 15.
Nc3 Be7 16. Nd5 Bg5 17. Qd4 1/2-1/2

[Event "1st Qinhuangdao Open"]
[Site "Qinhuangdao CHN"]
[Date "2011.10.06"]
[Round "8"]
[White "Li, Shilong"]
[Black "Jia, Haoxiang"]
[Result "1-0"]
[WhiteTitle "GM"]
[WhiteElo "2519"]
[BlackElo "2369"]
[WhiteFideId "8600678"]
[BlackFideId "8602999"]
[EventDate "2011.10.01"]

1. d4 d5 2. c4 c6 3. Nf3 Nf6 4. Nc3 dxc4 5. a4 Bf5 6. Ne5 Nbd7 7. Nxc4 Nb6 8.
Ne5 a5 9. f3 Nfd7 10. e4 Nxe5 11. exf5 Nec4 12. Qb3 Nd6 13. g4 g6 14. Bf4 Nd7
15. Be5 Rg8 16. Bxd6 exd6 17. Qxb7 Qc8 18. Ba6 Qxb7 19. Bxb7 Rb8 20. Bxc6 gxf5
21. Nd5 Bg7 22. O-O-O Kd8 23. Kb1 Nb6 24. Ne3 f4 25. Nf5 Nc4 26. Bb5 Ne3 27.
Nxd6 Nxd1 28. Rxd1 Rb6 29. Nxf7+ Ke7 30. Ng5 Rgb8 31. Re1+ Kd6 32. Ne6 Bh8 33.
Re4 Rxb5 34. axb5 Rxb5 35. Kc2 a4 36. Nxf4 Rb3 37. Re6+ Kd7 38. Rh6 Bxd4 39.
Rxh7+ Kd6 40. Rh6+ Ke7 41. Nd3 Rb8 42. Ra6 Rc8+ 43. Kd1 Rc4 44. h4 Kf7 45. f4
Kg7 46. Ke2 1-0

[Event "1st Qinhuangdao Open"]
[Site "Qinhuangdao CHN"]
[Date "2011.10.06"]
[Round "8"]
[White "Ma, Zhonghan"]
[Black "Xu, Jun"]
[Result "1/2-1/2"]
[BlackTitle "GM"]
[WhiteElo "2394"]
[BlackElo "2500"]
[WhiteFideId "8607206"]
[BlackFideId "8600031"]
[EventDate "2011.10.01"]

1. Nf3 c5 2. c4 Nc6 3. d4 cxd4 4. Nxd4 g6 5. Nc3 Bg7 6. Nc2 d6 7. g3 Nf6 8. Bg2
O-O 9. O-O Nd7 10. Qd2 a5 11. b3 a4 12. Rb1 axb3 13. axb3 Nc5 14. b4 Na4 15.
Nxa4 Rxa4 16. Bb2 Bxb2 17. Rxb2 Be6 18. Ne3 Qa8 19. Nd5 Bxd5 20. Bxd5 Ne5 21.
Rc1 Qa7 22. c5 dxc5 23. Qe3 Ra1 24. Rbb1 Rxb1 25. Rxb1 e6 26. Qxe5 exd5 27. bxc5
Qxc5 28. Rxb7 Qc6 29. Rc7 Qe6 30. Qxe6 fxe6 31. Re7 Rf6 32. f4 h5 33. Kg2 Kf8 1/2-1/2

[Event "1st Qinhuangdao Open"]
[Site "Qinhuangdao CHN"]
[Date "2011.10.06"]
[Round "8"]
[White "Wang, Jue"]
[Black "Liu, Qingnan"]
[Result "1/2-1/2"]
[BlackTitle "IM"]
[WhiteElo "2312"]
[BlackElo "2430"]
[WhiteFideId "8604070"]
[BlackFideId "8603294"]
[EventDate "2011.10.01"]

1. e4 c5 2. Nf3 d6 3. d4 cxd4 4. Nxd4 Nf6 5. Nc3 a6 6. Be3 e6 7. g4 b5 8. g5
Nfd7 9. a3 Bb7 10. h4 Be7 11. Qh5 O-O 12. O-O-O Nc5 13. Qg4 Nbd7 14. f3 Qa5 15.
Bd2 Qb6 16. Qg1 Rfc8 17. Kb1 Ne5 18. h5 Nc6 19. Kc1 Ne5 20. Kb1 Nc6 21. Nxc6
Bxc6 22. h6 g6 23. Nd5 Qb7 24. Bc3 e5 25. Bh3 Re8 26. Ba5 Bxd5 27. Rxd5 Ne6 28.
Bxe6 fxe6 29. Rd3 Rf8 30. Qg4 Qd7 31. Rhd1 Rac8 32. Bc3 Ra8 33. Ba5 Rac8 34. Bc3
Rf4 35. Qh3 Rc5 36. b4 Rxc3 37. Rxc3 Bxg5 38. Qg3 Bxh6 39. Qg1 Bf8 40. Qb6 Qf7
41. Rc7 Qf6 42. Rc3 Qf7 43. Rc7 Qf6 44. Rxd6 Rxf3 45. Rd1 Rf4 46. Rd6 Rf3 47.
Rxe6 Qh4 48. Rxe5 Rf1+ 49. Kb2 Qe1 50. Qe6+ Kh8 51. Qa2 Qc1+ 52. Kb3 Rf3+ 53. c3
Qf4 54. Qg2 Rg3 55. Qh1 h6 56. Re8 Rxc3+ 57. Rxc3 Qf7+ 58. Kc2 Qxe8 59. Qf3 Bg7
60. Rc5 Qe6 61. Qd3 h5 62. Qd5 Qg4 63. e5 Qf5+ 64. Kb2 h4 65. Qd8+ Bf8 66. Qxh4+
Kg8 67. Rd5 g5 68. Qd4 Bg7 69. Rd8+ Kh7 70. Rd7 Qe6 1/2-1/2

[Event "1st Qinhuangdao Open"]
[Site "Qinhuangdao CHN"]
[Date "2011.10.06"]
[Round "8"]
[White "Gao, Rui"]
[Black "Liu, Guanchu"]
[Result "1-0"]
[WhiteTitle "IM"]
[WhiteElo "2424"]
[BlackElo "2242"]
[WhiteFideId "8602387"]
[BlackFideId "8603901"]
[EventDate "2011.10.01"]

1. e4 e6 2. d4 d5 3. Nc3 Nf6 4. e5 Nfd7 5. f4 c5 6. Nf3 Nc6 7. Be3 cxd4 8. Nxd4
Qb6 9. Qd2 Qxb2 10. Rb1 Qa3 11. Bb5 Ndb8 12. O-O a6 13. f5 axb5 14. fxe6 Bxe6
15. Nxe6 fxe6 16. Nxb5 Qa5 17. Qf2 Nxe5 18. Bb6 Qa4 19. c4 Na6 20. Qf4 Qxc4 21.
Qxe5 Qc6 22. Qf4 Qc4 23. Qe5 Qc6 24. Nd4 Qd6 25. Rxf8+ Qxf8 26. Nxe6 Qe7 27.
Nxg7+ Kd7 28. Qxd5+ Kc8 29. Nf5 1-0

[Event "1st Qinhuangdao Open"]
[Site "Qinhuangdao CHN"]
[Date "2011.10.06"]
[Round "8"]
[White "Xu, Yinglun"]
[Black "Zeng, Chongsheng"]
[Result "0-1"]
[WhiteElo "2122"]
[BlackElo "2413"]
[WhiteFideId "8604940"]
[BlackFideId "8603847"]
[EventDate "2011.10.01"]

1. d4 Nf6 2. Nf3 g6 3. c4 Bg7 4. Nc3 d5 5. cxd5 Nxd5 6. e4 Nxc3 7. bxc3 c5 8.
Be3 Qa5 9. Qd2 O-O 10. Rc1 Rd8 11. d5 e6 12. c4 Qxd2+ 13. Nxd2 Na6 14. Bd3 b6
15. O-O Nb4 16. Bb1 Bb2 17. Rcd1 a5 18. Bf4 Ra7 19. Nf3 exd5 20. exd5 a4 21. Be5
Bxe5 22. Nxe5 a3 23. f4 Ba6 24. f5 Re7 25. Nc6 Nxc6 26. dxc6 Rc8 27. f6 Rec7 28.
Be4 Bxc4 29. Rf2 Bb5 30. Rfd2 h5 31. Rd8+ Rxd8 32. Rxd8+ Kh7 33. Rd6 h4 34. Kf2
Kh6 35. Kf3 Kg5 36. Kf2 Kh6 37. Kf3 Kg5 38. Ke3 Bc4 39. Rd7 Rc8 40. Ra7 Bxa2 41.
Rxa3 Bc4 42. Ra7 Kxf6 43. Rb7 b5 0-1

[Event "1st Qinhuangdao Open"]
[Site "Qinhuangdao CHN"]
[Date "2011.10.06"]
[Round "8"]
[White "Xu, Jialun"]
[Black "Wang, Yu A."]
[Result "0-1"]
[BlackTitle "IM"]
[WhiteElo "2078"]
[BlackElo "2360"]
[WhiteFideId "8607354"]
[BlackFideId "8601097"]
[EventDate "2011.10.01"]

1. e4 e5 2. Nf3 Nc6 3. Bb5 a6 4. Ba4 Nf6 5. d3 d6 6. c3 g6 7. O-O Bg7 8. Re1 O-O
9. h3 b5 10. Bb3 Na5 11. Bc2 c5 12. d4 cxd4 13. cxd4 exd4 14. Nxd4 Bb7 15. a3
Re8 16. Nc3 d5 17. e5 Ne4 18. f4 f6 19. Nxe4 dxe4 20. exf6 Qxf6 21. Nb3 Rad8 22.
Qe2 Nc4 23. Rb1 Qc6 24. f5 gxf5 25. Bg5 Rc8 26. Bd1 e3 27. Rf1 Qg6 28. Bf4 Qc6
29. Bg5 Qg6 30. Bf4 Nd2 31. Nxd2 exd2 32. Qxd2 Rcd8 33. Qc2 Be4 34. Qd2 Bb7 35.
Qc2 Be4 36. Qb3+ Kh8 37. Bf3 Rd3 0-1

[Event "1st Qinhuangdao Open"]
[Site "Qinhuangdao CHN"]
[Date "2011.10.06"]
[Round "8"]
[White "Wang, Rui"]
[Black "Fang, Yan"]
[Result "1-0"]
[WhiteTitle "GM"]
[WhiteElo "2432"]
[BlackElo "2268"]
[WhiteFideId "8601003"]
[BlackFideId "8604746"]
[EventDate "2011.10.01"]

1. c4 e5 2. Nc3 Nc6 3. g3 g6 4. Bg2 Bg7 5. e3 Nge7 6. Rb1 d6 7. b4 Be6 8. Nd5
Qd7 9. Ne2 Qd8 10. Ng1 Qd7 11. Ne2 O-O 12. O-O f5 13. d3 Rae8 14. Qd2 Nd8 15. b5
c6 16. bxc6 bxc6 17. Nxe7+ Rxe7 18. f4 e4 19. Rd1 exd3 20. Qxd3 Rfe8 21. Nd4 Bf7
22. Nf3 Nb7 23. Ng5 Nc5 24. Qc2 Ne4 25. Bxe4 fxe4 26. Ba3 Qg4 27. Rxd6 h5 28.
Rxc6 Rd7 29. Nxf7 Rxf7 30. Qd1 1-0

[Event "1st Qinhuangdao Open"]
[Site "Qinhuangdao CHN"]
[Date "2011.10.07"]
[Round "9"]
[White "Zhou, Jianchao"]
[Black "Nguyen, Ngoc Truong Son"]
[Result "0-1"]
[WhiteTitle "GM"]
[BlackTitle "GM"]
[WhiteElo "2628"]
[BlackElo "2644"]
[WhiteFideId "8603537"]
[BlackFideId "12401110"]
[EventDate "2011.10.01"]

1. d4 Nf6 2. c4 g6 3. Nc3 Bg7 4. e4 O-O 5. f3 d6 6. Be3 Nc6 7. Nge2 a6 8. Qd2
Rb8 9. Rc1 Re8 10. Nd1 e6 11. Nf2 d5 12. e5 Nd7 13. c5 b6 14. b4 bxc5 15. bxc5
a5 16. f4 Ba6 17. g4 Rb4 18. g5 Qb8 19. Ng3 Rb2 20. Rc2 Rxc2 21. Qxc2 Qb4+ 22.
Qd2 Bxf1 23. Rxf1 Qc4 24. Ng4 Rb8 25. Kf2 Qb4 26. Qxb4 Rxb4 27. Ne2 Rb2 28. Ra1
h5 29. gxh6 f5 30. hxg7 fxg4 31. Bc1 Rb8 32. Bd2 Kxg7 33. Bc3 a4 34. Kg3 Rh8 35.
Kg2 Kf7 36. Rb1 Ke7 37. Be1 Ndb8 38. Rb5 Kd7 39. Bg3 Ne7 40. Ra5 Nbc6 41. Rxa4
Rb8 42. Bf2 Nf5 43. Ra3 Rb2 44. Kf1 Rb1+ 45. Kg2 Rd1 46. h3 g3 47. Nxg3 Nh4+ 48.
Kh2 Nxd4 49. Bxd4 Rxd4 50. Ne2 Rd2 51. Kg3 Nf5+ 52. Kf3 Kc6 53. Ng3 Nxg3 54.
Kxg3 d4 55. Kf3 Kxc5 56. Ra7 Rd3+ 57. Kf2 Kc6 58. h4 Rh3 59. a4 Rxh4 60. Kf3
Rh3+ 61. Ke4 Kb6 62. Ra8 c5 63. f5 gxf5+ 64. Kf4 Re3 65. Rb8+ Ka6 66. Rc8 Re4+
67. Kg5 Rxe5 68. Kf6 Re4 69. Rxc5 f4 70. Kg5 Re5+ 71. Kf6 Re4 72. Rc8 0-1

[Event "1st Qinhuangdao Open"]
[Site "Qinhuangdao CHN"]
[Date "2011.10.07"]
[Round "9"]
[White "Bu, Xiangzhi"]
[Black "Gundavaa, Bayarsaikhan"]
[Result "1-0"]
[WhiteTitle "GM"]
[BlackTitle "IM"]
[WhiteElo "2666"]
[BlackElo "2467"]
[WhiteFideId "8601445"]
[BlackFideId "4901045"]
[EventDate "2011.10.01"]

1. c4 Nf6 2. Nc3 e6 3. e4 d5 4. e5 d4 5. exf6 dxc3 6. bxc3 Qxf6 7. Nf3 e5 8. d4
exd4 9. Bg5 Qe6+ 10. Be2 Be7 11. cxd4 Bxg5 12. Nxg5 Qf6 13. Qd2 O-O 14. O-O Bf5
15. Rad1 Nc6 16. d5 Rad8 17. g4 h6 18. f4 Bc8 19. Ne4 Qe7 20. Qe3 Nb4 21. f5
Rde8 22. Bf3 b6 23. Qd2 Na6 24. f6 Qb4 25. fxg7 Kxg7 26. Qd4+ f6 27. Bg2 Qe7 28.
d6 cxd6 29. Nxd6 Rd8 30. Rfe1 Qc7 31. Qf4 Rh8 32. Rd5 1-0

[Event "1st Qinhuangdao Open"]
[Site "Qinhuangdao CHN"]
[Date "2011.10.07"]
[Round "9"]
[White "Li, Chao b"]
[Black "Li, Shilong"]
[Result "1-0"]
[WhiteTitle "GM"]
[BlackTitle "GM"]
[WhiteElo "2710"]
[BlackElo "2519"]
[WhiteFideId "8604436"]
[BlackFideId "8600678"]
[EventDate "2011.10.01"]

1. e4 c5 2. Nf3 d6 3. d4 cxd4 4. Nxd4 Nf6 5. Nc3 e6 6. g4 h6 7. Rg1 Nc6 8. Be3
a6 9. h4 h5 10. gxh5 Rxh5 11. Bg5 Rh8 12. Qd2 Qb6 13. Nb3 Bd7 14. O-O-O O-O-O
15. Be3 Qc7 16. f3 Be8 17. Qf2 Nd7 18. Bg5 Nf6 19. f4 Kb8 20. Bh3 Rc8 21. f5 Bd7
22. Be3 Re8 23. Kb1 Ne5 24. Bb6 Qc8 25. Na5 Ka8 26. Rd4 Qb8 27. fxe6 fxe6 28.
Rb4 Nc6 29. Ra4 Nxa5 30. Rxa5 Qc8 31. Bf1 Rh5 32. Rxh5 Nxh5 33. Be2 Nf6 34. h5
Ng8 35. Bd4 e5 36. Nd5 Qc6 37. Bb6 Rd8 38. Bc7 b5 39. Nb6+ 1-0

[Event "1st Qinhuangdao Open"]
[Site "Qinhuangdao CHN"]
[Date "2011.10.07"]
[Round "9"]
[White "Wan, Yunguo"]
[Black "Yu, Yangyi"]
[Result "1/2-1/2"]
[BlackTitle "GM"]
[WhiteElo "2459"]
[BlackElo "2646"]
[WhiteFideId "8603189"]
[BlackFideId "8603820"]
[EventDate "2011.10.01"]

1. e4 c5 2. Nf3 e6 3. d4 cxd4 4. Nxd4 a6 5. Bd3 Bc5 6. Nb3 Be7 7. O-O Nc6 8. c4
d6 9. Nc3 Nf6 10. Be3 b6 11. f3 O-O 12. Qd2 Ne5 13. Rfd1 Bb7 14. Bf1 Qc7 15. Na4
Nfd7 16. Bg5 Nxc4 17. Bxc4 Bxg5 18. Qxg5 Qxc4 19. Nc3 Qc7 20. Qe7 d5 21. Rac1
Qd8 22. Qxd8 Rfxd8 23. exd5 exd5 24. Nxd5 Bxd5 25. Rxd5 Nf6 26. Rxd8+ Rxd8 27.
Kf2 Kf8 28. Ke2 Ke7 29. Rc7+ Rd7 30. Rc4 Nd5 1/2-1/2

[Event "1st Qinhuangdao Open"]
[Site "Qinhuangdao CHN"]
[Date "2011.10.07"]
[Round "9"]
[White "Wang, Chen"]
[Black "Ganguly, Surya Shekhar"]
[Result "1/2-1/2"]
[WhiteTitle "IM"]
[BlackTitle "GM"]
[WhiteElo "2454"]
[BlackElo "2631"]
[WhiteFideId "8601020"]
[BlackFideId "5002150"]
[EventDate "2011.10.01"]

1. e4 e6 2. d4 d5 3. exd5 exd5 4. Nf3 Nc6 5. Bb5 Bd6 6. h3 Ne7 7. O-O O-O 8. c3
a6 9. Bd3 Bf5 10. Re1 Qd7 11. Qc2 Rae8 12. Nbd2 Bxd3 13. Qxd3 Qf5 14. Qxf5 Nxf5
15. Rxe8 Rxe8 16. Kf1 Nb8 17. Ne1 Nd7 18. Nd3 f6 19. Nb3 g5 20. Na5 b6 21. Nc6
Nb8 22. Nxb8 Rxb8 23. g4 Nh4 24. f4 h6 25. Be3 Re8 26. Re1 gxf4 27. Bf2 Rxe1+
28. Kxe1 Nf3+ 29. Ke2 Ng5 30. h4 Ne6 31. Kf3 c5 32. dxc5 bxc5 33. b3 Kf7 34. c4
dxc4 35. bxc4 h5 36. gxh5 f5 37. Bg1 1/2-1/2

[Event "1st Qinhuangdao Open"]
[Site "Qinhuangdao CHN"]
[Date "2011.10.07"]
[Round "9"]
[White "Batchuluun, Tsegmed"]
[Black "Wen, Yang"]
[Result "1/2-1/2"]
[WhiteTitle "IM"]
[BlackTitle "GM"]
[WhiteElo "2435"]
[BlackElo "2547"]
[WhiteFideId "4900847"]
[BlackFideId "8602956"]
[EventDate "2011.10.01"]

1. d4 Nf6 2. c4 g6 3. Nc3 Bg7 4. e4 d6 5. f3 O-O 6. Be3 e5 7. Nge2 c6 8. Qd2
Nbd7 9. O-O-O a6 10. Kb1 b5 11. c5 b4 12. Na4 Qa5 13. dxe5 Nxe5 14. Qc2 d5 15.
Nd4 dxe4 16. Bf4 Nh5 17. Bxe5 Bxe5 18. Nxc6 Qc7 19. Nxe5 Qxe5 20. fxe4 Bb7 21.
Nb6 Rad8 22. Rxd8 Rxd8 23. c6 Bxc6 24. Qxc6 Rd1+ 25. Kc2 Qd4 26. Nc4 Nf6 27. e5
Nd5 28. e6 Kg7 29. exf7 Re1 30. f8=Q+ Kxf8 31. Qd6+ Kg7 32. Qd7+ Re7 33. Qh3
Ne3+ 34. Nxe3 Rxe3 35. Qc8 Qe4+ 36. Kd2 Qf4 37. Kd1 Qd4+ 38. Kc2 Qe4+ 39. Kd2
Qd4+ 40. Kc2 Qe4+ 41. Kd2 Qd4+ 42. Kc2 Qe4+ 43. Kd2 Qd4+ 44. Kc2 Qe4+ 45. Kd2
Qd4+ 46. Kc2 Qe4+ 47. Kd2 Qd4+ 48. Kc2 Qe4+ 49. Kd2 Qd4+ 50. Kc2 Qe4+ 51. Kd2
Qd4+ 52. Kc2 1/2-1/2

[Event "1st Qinhuangdao Open"]
[Site "Qinhuangdao CHN"]
[Date "2011.10.07"]
[Round "9"]
[White "Xiu, Deshun"]
[Black "Gao, Rui"]
[Result "1/2-1/2"]
[WhiteTitle "GM"]
[BlackTitle "IM"]
[WhiteElo "2540"]
[BlackElo "2424"]
[WhiteFideId "8603693"]
[BlackFideId "8602387"]
[EventDate "2011.10.01"]

1. e4 c5 2. Nf3 d6 3. d4 cxd4 4. Nxd4 Nf6 5. Nc3 a6 6. Bg5 e6 7. f4 Qb6 8. Qd3
Qxb2 9. Rb1 Qa3 10. f5 Nc6 11. fxe6 fxe6 12. Nxc6 bxc6 13. Be2 Qa5 14. Bd2 Qc7
15. e5 dxe5 16. Ne4 Be7 17. Nxf6+ Bxf6 18. Bh5+ g6 19. O-O O-O 20. Bxg6 hxg6 21.
Bh6 Bg7 22. Rxf8+ Kxf8 23. Rf1+ Kg8 24. Qxg6 Ra7 25. Bxg7 Qb6+ 26. Kh1 Rxg7 27.
Qe8+ Kh7 28. Qh5+ Kg8 29. Qe8+ Kh7 30. Qh5+ Kg8 31. Qe8+ Kh7 32. Qh5+ 1/2-1/2

[Event "1st Qinhuangdao Open"]
[Site "Qinhuangdao CHN"]
[Date "2011.10.07"]
[Round "9"]
[White "Zeng, Chongsheng"]
[Black "Xu, Jun"]
[Result "1-0"]
[BlackTitle "GM"]
[WhiteElo "2413"]
[BlackElo "2500"]
[WhiteFideId "8603847"]
[BlackFideId "8600031"]
[EventDate "2011.10.01"]

1. e4 c5 2. Nf3 e6 3. g3 b6 4. Bg2 Bb7 5. Qe2 d6 6. d4 cxd4 7. Nxd4 Ne7 8. O-O
Nec6 9. Nxc6 Nxc6 10. c4 Be7 11. Nc3 O-O 12. Be3 Rc8 13. Rac1 Qc7 14. Rfd1 Qb8
15. b3 Rfe8 16. h4 Bf8 17. h5 Ne5 18. f4 Nd7 19. h6 g6 20. e5 Red8 21. exd6 Bxh6
22. Bxb7 Qxb7 23. Bd4 Rc6 24. Ne4 f5 25. Nf6+ Nxf6 26. Qxe6+ Qf7 27. Qxf6 Qxf6
28. Bxf6 Rdxd6 29. Be5 Rxd1+ 30. Rxd1 Bf8 31. Rd7 b5 32. cxb5 Rc1+ 33. Kf2 Rc2+
34. Ke3 Rxa2 35. Kd3 g5 36. fxg5 Ra5 37. Kc4 a6 38. Rd5 axb5+ 39. Rxb5 Rxb5 40.
Kxb5 Kf7 41. Kc6 Ke6 42. Bf4 Ba3 43. Kb5 Bf8 44. Kc4 Be7 45. b4 Bd8 46. Kb5 Be7
47. Ka5 Kd5 48. b5 Bc5 49. Ka6 1-0

[Event "1st Qinhuangdao Open"]
[Site "Qinhuangdao CHN"]
[Date "2011.10.07"]
[Round "9"]
[White "Lou, Yiping"]
[Black "Ma, Zhonghan"]
[Result "1/2-1/2"]
[WhiteTitle "IM"]
[WhiteElo "2433"]
[BlackElo "2394"]
[WhiteFideId "8603928"]
[BlackFideId "8607206"]
[EventDate "2011.10.01"]

1. d4 Nf6 2. c4 c6 3. Nc3 d5 4. e3 a6 5. Nf3 b5 6. c5 Nbd7 7. a3 Qc7 8. b4 a5 9.
Bb2 g6 10. Bd3 Bg7 11. O-O O-O 12. h3 Bb7 13. Qc2 axb4 14. axb4 Rfb8 15. Ne2 Qc8
16. Nd2 Ne8 17. f4 Rxa1 18. Bxa1 e6 19. g4 f5 20. g5 Ra8 21. Bc3 Ra6 22. Nb3 Kf7
23. Ng3 Bf8 24. h4 h5 25. Na5 Ng7 26. Ne2 Ne8 27. Ra1 Be7 28. Nc1 Ra8 29. Be2
Bd8 30. Qd1 Ng7 31. Ncb3 Bxa5 32. Nxa5 Ba6 33. Ra3 Ke7 34. Qa1 Ne8 35. Nb3 Bb7
36. Ra5 Rxa5 37. Nxa5 Ba6 38. Kf2 Ng7 39. Nb3 Ne8 40. Qa5 Qb7 41. Nc1 Ng7 42.
Nd3 Ne8 43. Ke1 1/2-1/2

[Event "1st Qinhuangdao Open"]
[Site "Qinhuangdao CHN"]
[Date "2011.10.07"]
[Round "9"]
[White "Jia, Haoxiang"]
[Black "Wang, Rui"]
[Result "1/2-1/2"]
[BlackTitle "GM"]
[WhiteElo "2369"]
[BlackElo "2432"]
[WhiteFideId "8602999"]
[BlackFideId "8601003"]
[EventDate "2011.10.01"]

1. d4 Nf6 2. Nf3 e6 3. c4 Bb4+ 4. Nbd2 O-O 5. a3 Be7 6. e4 d5 7. Bd3 dxe4 8.
Nxe4 Nbd7 9. O-O b6 10. Qe2 Re8 11. Rd1 Bb7 12. Bf4 Qc8 13. Rac1 Bf8 14. h3 a5
15. Nc3 Bxf3 16. Qxf3 e5 17. Bg3 exd4 18. Nd5 Ra7 19. Bf5 Nxd5 20. cxd5 g6 21.
Qg4 h5 22. Bxd7 Qd8 23. Qxd4 Qxd7 24. Rc6 Bc5 25. Qf4 Bd6 26. Qa4 Kh7 27. Bxd6
cxd6 28. Qb3 Re2 29. Kf1 Qe7 30. Qb5 Re4 31. Rxb6 Qe5 32. Qd3 Re7 33. g3 h4 34.
Kg2 hxg3 35. Qxg3 Rf4 36. Rb3 Qf6 37. Re3 Re5 38. Rxe5 Qxe5 39. Rd2 Qe4+ 40. f3
Qe3 41. Qf2 Qe5 42. Qe2 Qg5+ 43. Kh2 Qf5 44. Qd3 Qe5 45. Kg2 Rf5 46. h4 Rf4 47.
Re2 Qf6 48. Re4 Qxb2+ 49. Kg3 Rf5 50. a4 Qa1 51. Qd4 Qxd4 52. Rxd4 Re5 53. f4
Re3+ 54. Kf2 Rc3 55. Re4 Rd3 56. Re7 Kg7 57. Rd7 Rxd5 58. Ke3 Kf6 59. Ke4 Rd1
60. Ra7 Rh1 61. Rxa5 Rxh4 62. Rd5 Ke6 63. Rb5 Rh3 64. Rb8 Ra3 65. Re8+ Kd7 66.
Ra8 Ke6 67. Re8+ Kd7 68. Ra8 Kc6 69. Rc8+ Kb6 70. Rc4 Ka5 71. Rd4 Rxa4 72. Rxa4+
Kxa4 73. Kd5 Kb3 74. Kxd6 Kc4 75. Ke7 Kd5 1/2-1/2

[Event "1st Qinhuangdao Open"]
[Site "Qinhuangdao CHN"]
[Date "2011.10.07"]
[Round "9"]
[White "Liu, Qingnan"]
[Black "Pham, Le Thao Nguyen"]
[Result "1-0"]
[WhiteTitle "IM"]
[BlackTitle "WGM"]
[WhiteElo "2430"]
[BlackElo "2362"]
[WhiteFideId "8603294"]
[BlackFideId "12401226"]
[EventDate "2011.10.01"]

1. e4 Nf6 2. e5 Nd5 3. d4 d6 4. Nf3 dxe5 5. Nxe5 c6 6. c4 Nf6 7. Nc3 Nbd7 8. f4
g6 9. Be2 Bg7 10. Be3 O-O 11. Bf3 Ne8 12. Qe2 Nxe5 13. dxe5 Bf5 14. Rd1 Qc7 15.
g4 Bc8 16. h4 f6 17. h5 g5 18. h6 Bh8 19. Rh5 Rf7 20. Bc5 fxe5 21. fxe5 Kf8 22.
Rxg5 Be6 23. Qe4 Rd8 24. b4 a5 25. a3 axb4 26. axb4 Qc8 27. Rxd8 Qxd8 28. Ne2
Qa8 29. Nf4 Qa1+ 30. Kf2 Qa2+ 31. Kg3 Qxc4 32. Rf5 Nc7 33. Rxf7+ Bxf7 34. Qxh7
Bxe5 35. Qf5 Bxf4+ 36. Qxf4 Qxf4+ 37. Kxf4 Bg6 38. Ke5 Kf7 39. g5 Na6 40. Be2 b5
41. Bf3 Nb8 42. Bg4 Ke8 43. Bh5 Nd7+ 44. Kd4 Kf7 45. h7 1-0